书目信息 |
| 题名: |
人有人的用处
|
|
| 作者: | 维纳 著 ;陈步 译 | |
| 分册: | ||
| 出版信息: | 北京 商务印书馆 1978 |
|
| 页数: | 160页 | |
| 开本: | 20cm | |
| 丛书名: | ||
| 单 册: | ||
| 中图分类: | C05 | |
| 科图分类: | ||
| 主题词: | 社会科学--关系 | |
| 电子资源: | ||
| ISBN: | ||
| 000 | 00617nam0 2200229 45 | |
| 001 | 0178005707 | |
| 005 | 20060802174721.64 | |
| 010 | @dCNY0.51 | |
| 091 | @a2017.202 | |
| 100 | @a19950712d1978 emky0chiy0121 ea | |
| 101 | 1 | @achi@ceng |
| 102 | @aCN@b110000 | |
| 105 | @ay z 000yy | |
| 200 | 10 | @a人有人的用处@Aren you ren de yong chu@e控制论和社会@f(美)N·维纳著@F(Mei)N·Wei Na Zhu@g陈步译 |
| 210 | @a北京@c商务印书馆@d1978 | |
| 215 | @a160页@d20cm | |
| 606 | 0 | @a社会科学@x关系 |
| 690 | @aC05 | |
| 701 | 0 | @a维纳@4著 |
| 702 | 0 | @a陈步@Achen bu@4译 |
| 801 | 0 | @aCN@bNLC@c20060802 |
| 905 | @f1@b5020@dC05@e2 | |
| 人有人的用处:控制论和社会/(美)N·维纳著/陈步译.-北京:商务印书馆,1978 |
| 160页;20cm |
| ISBN :CNY0.51 |
| ● |
| 相关链接 |
|
|
|
|
正题名:人有人的用处
索取号:C05/2
 
预约/预借
| 序号 | 登录号 | 条形码 | 馆藏地/架位号 | 状态 | 备注 |
| 1 | 0005020 | 001853514 | 密集书库/ [索取号:C05/2] | 在馆 | |
| 2 | 0442105 | 204421054 | 密集书库/ [索取号:C05/2] | 在馆 |